000 00668nam a2200265Ia 4500
003 OSt
005 20221005075709.0
006 a|||||r|||| 00| 0
007 ta
008 221004b |||||||| |||| 00| 0 eng d
020 _a8170131227
024 _a83856
037 _cTextual
040 _aCRL
_cCRL
_beng
041 _2eng
_aeng
082 _aQ1x, N5.2
100 _aDange Sadashiv A.
245 0 _aDivine hymns and ancient thought
260 _aNew Delhi
_bNavrang India
_c1995
300 _a417p.
_ccm.
650 _a RELIGION
650 _aHINDUISM
942 _hQ1x, N5.2
_cTEXL
_2cc
999 _c985005
_d985005